01233nam0a22002411 4500001001100000005001700011021001900028035002600047100004100073101000800114102000700122105001800129200030800147210004100455215001500496300009100511606010300602702006700705712016000772801001800932801002200950852001900972rc\369313620260406160242.0 aRUb[71-59249] a(NLR Aleph) 007850679 a20130115d1971 |||y0rusy50 ca0 arus aRU ay z |||||1 aКачественные показатели и методика изучения деятельности рентгенодиагностических кабинетовe(Метод. письмо)fМ-во здравоохранения МССР. Респ. рентгено-радиол. центр aКишиневcШтиинцаd1971 a30 с.d21 aНа 19-й с. сост.: канд. мед. наук Л.Е. Кишиневский aРентгеновские отделения и кабинетыxАнализ работы2psbo 1aКишиневскийbЛ.Е.gЛев Ефимович422002aМолдавский республиканский рентгено-радиологический центрcКишинев3RU\NLR\AUTH\889931590 0aRUbNLRgpsbo 1aRUbELAR2rusmarc aNLRj71-6/4351